The many-body problem : (Record no. 1775)

MARC details
000 -LEADER
fixed length control field 01250nac a22002891i 4500
003 - CONTROL NUMBER IDENTIFIER
control field EG-ScBUE
005 - DATE AND TIME OF LATEST TRANSACTION
control field 20250526100358.0
008 - FIXED-LENGTH DATA ELEMENTS--GENERAL INFORMATION
fixed length control field 250416s1969 nyua f b 001 0 eng d
040 ## - CATALOGING SOURCE
Original cataloging agency EG-ScBUE
Language of cataloging eng
Description conventions rda
Transcribing agency EG-ScBUE
Modifying agency EG-ScBUE
082 04 - DEWEY DECIMAL CLASSIFICATION NUMBER
Classification number 530.144
Edition number 22
Item number MAN
111 2# - MAIN ENTRY--MEETING NAME
Meeting name or jurisdiction name as entry element Mallorca International School of Physics
Date of meeting (1969 :
Location of meeting Palma de Mallorca, Spain)
245 04 - TITLE STATEMENT
Title The many-body problem :
Remainder of title Mallorca International School of Physics, August 1969 /
Statement of responsibility, etc Director L. M. Garrido, professor of theoretical physics, University of Barcelona ; edited by A. Cruz, University of Zaragoza and T. W. Preist, University of Exeter.
264 #1 - PUBLICATION, DISTRIBUTION, ETC. (IMPRINT)
Place of publication, distribution, etc New York :
Name of publisher, distributor, etc Plenum Press,
Date of publication, distribution, etc 1969.
300 ## - PHYSICAL DESCRIPTION
Extent xvii, 333 pages :
Other physical details illustrations ;
Dimensions 24 cm
336 ## - CONTENT TYPE
Source rdacontent
Content type term text
Content type code txt
337 ## - MEDIA TYPE
Media type term unmediated
Source rdamedia
Media type code n
338 ## - CARRIER TYPE
Carrier type term volume
Carrier type code nc
Source rdacarrier
500 ## - GENERAL NOTE
General note Held Aug. 1969; sponsored by J. L. Villar-Palasi, Minister of Education of Spain.
504 ## - BIBLIOGRAPHY, ETC. NOTE
Bibliography, etc Includes bibliographical references.
650 #7 - SUBJECT ADDED ENTRY--TOPICAL TERM
Topical term or geographic name as entry element Many-body problem
General subdivision Congresses.
Source of heading or term BUEsh
655 ## - INDEX TERM--GENRE/FORM
Form subdivision Reading book
700 1# - ADDED ENTRY--PERSONAL NAME
Personal name Cruz, A.,
Relator term editor.
700 1# - ADDED ENTRY--PERSONAL NAME
Personal name Garrido, L. M.,
Relator term director.
700 1# - ADDED ENTRY--PERSONAL NAME
Personal name Preist, T. W.,
Relator term editor.
942 ## - ADDED ENTRY ELEMENTS (KOHA)
Koha item type Book - Borrowing
Source of classification or shelving scheme Dewey Decimal Classification
Holdings
Withdrawn status Lost status Source of classification or shelving scheme Damaged status Not for loan Collection code Home library Current library Shelving location Date acquired Source of acquisition Total Checkouts Full call number Barcode Date last seen Price effective from Koha item type
    Dewey Decimal Classification     Baccah Central Library Central Library First floor 06/12/2014 Purchase   530.144 MAN 000002542 15/07/2025 14/12/2006 Book - Borrowing